<?xml version="1.0" encoding="UTF-8"?><?xml-stylesheet type="text/xsl" href="static/style.xsl"?><OAI-PMH xmlns="http://www.openarchives.org/OAI/2.0/" xmlns:xsi="http://www.w3.org/2001/XMLSchema-instance" xsi:schemaLocation="http://www.openarchives.org/OAI/2.0/ http://www.openarchives.org/OAI/2.0/OAI-PMH.xsd"><responseDate>2026-04-14T05:08:49Z</responseDate><request verb="GetRecord" identifier="oai:www.recercat.cat:2117/387382" metadataPrefix="marc">https://recercat.cat/oai/request</request><GetRecord><record><header><identifier>oai:recercat.cat:2117/387382</identifier><datestamp>2025-07-16T23:55:01Z</datestamp><setSpec>com_2072_1033</setSpec><setSpec>col_2072_452950</setSpec></header><metadata><record xmlns="http://www.loc.gov/MARC21/slim" xmlns:dcterms="http://purl.org/dc/terms/" xmlns:xsi="http://www.w3.org/2001/XMLSchema-instance" xmlns:doc="http://www.lyncode.com/xoai" xsi:schemaLocation="http://www.loc.gov/MARC21/slim http://www.loc.gov/standards/marcxml/schema/MARC21slim.xsd">
   <leader>00925njm 22002777a 4500</leader>
   <datafield ind2=" " ind1=" " tag="042">
      <subfield code="a">dc</subfield>
   </datafield>
   <datafield ind2=" " ind1=" " tag="720">
      <subfield code="a">Kuljanin, Jovana</subfield>
      <subfield code="e">author</subfield>
   </datafield>
   <datafield ind2=" " ind1=" " tag="720">
      <subfield code="a">Pons Prats, Jordi</subfield>
      <subfield code="e">author</subfield>
   </datafield>
   <datafield ind2=" " ind1=" " tag="720">
      <subfield code="a">Prats Menéndez, Xavier</subfield>
      <subfield code="e">author</subfield>
   </datafield>
   <datafield ind2=" " ind1=" " tag="260">
      <subfield code="c">2022-04-21</subfield>
   </datafield>
   <datafield ind2=" " ind1=" " tag="520">
      <subfield code="a">This deliverable provides the final specification of the case studies that will be used in the third (last) iteration to demonstrate and evaluate the maturity of the NOSTROMO approach as well as the capabilities of the methodology defined in WP3 and the tools developed in WP5 and WP6. Following the incremental approach adopted in the project and based on the results of the metamodel methodology obtained in the second iteration (using the preliminary specification of case studies), the third iteration will be performed by using the final specification of case studies. Whereas the preliminary specification was more focused on the understanding and development of the single concepts, the final specification of case studies further exploits additional mechanisms that can be incorporated in a particular concept as well as their potential combinations. The potential improvement in the combination of solutions resides in additional implementation of the credit mechanisms within the UPDD concept, which in combination, with add-on capabilities developed for the E-AMAN concept go beyond the current solution descriptions. In addition, the deliverable also outlines the potential combination of PJ.08-02 (Dynamic Airspace Configurations) and PJ.02-08&#xd;
(Traffic Optimisation on single and multiple runway airports) solutions. This would be the first attempt to combine these two solutions, as their combination has not been acknowledged yet in the PAGAR relationship matrix.&#xd;
The deliverable also summarises the feedback received from the experts from SJU and PJ.19-04 during the Case Study Workshop held in March, 2022.</subfield>
   </datafield>
   <datafield ind2=" " ind1=" " tag="520">
      <subfield code="a">This deliverable is part of a project that has received funding from the SESAR Joint Undertaking under grant agreement No 892517 under European Union’s Horizon 2020 research and innovation programme</subfield>
   </datafield>
   <datafield ind2=" " ind1=" " tag="520">
      <subfield code="a">Peer Reviewed</subfield>
   </datafield>
   <datafield ind2=" " ind1=" " tag="520">
      <subfield code="a">Postprint (published version)</subfield>
   </datafield>
   <datafield tag="653" ind2=" " ind1=" ">
      <subfield code="a">Àrees temàtiques de la UPC::Aeronàutica i espai</subfield>
   </datafield>
   <datafield tag="653" ind2=" " ind1=" ">
      <subfield code="a">Air traffic control</subfield>
   </datafield>
   <datafield tag="653" ind2=" " ind1=" ">
      <subfield code="a">Computational intelligence</subfield>
   </datafield>
   <datafield tag="653" ind2=" " ind1=" ">
      <subfield code="a">Open source software</subfield>
   </datafield>
   <datafield tag="653" ind2=" " ind1=" ">
      <subfield code="a">Intel·ligència computacional</subfield>
   </datafield>
   <datafield tag="653" ind2=" " ind1=" ">
      <subfield code="a">Aeroports--Control del trànsit</subfield>
   </datafield>
   <datafield tag="653" ind2=" " ind1=" ">
      <subfield code="a">Programari lliure</subfield>
   </datafield>
   <datafield ind2="0" ind1="0" tag="245">
      <subfield code="a">NOSTROMO - D4.2: Final Specification of Case Studies</subfield>
   </datafield>
</record></metadata></record></GetRecord></OAI-PMH>